Arqueología de Cajamarca: expedición al Marañón, 1937
I tiakina i:
| Kaituhi matua: | |
|---|---|
| Hōputu: | Pukapuka |
| Reo: | Pāniora |
| I whakaputaina: |
Lima
Universidad Nacional Mayor de San Marcos
2004
|
| Putanga: | 1a. ed |
| Rangatū: | Serie Clásicos Sanmarquinos. Obras Completas, 1
|
| Ngā marau: | |
| Ngā Tūtohu: |
Tāpirihia he Tūtohu
Kāore He Tūtohu, Me noho koe te mea tuatahi ki te tūtohu i tēnei pūkete!
|
MARC
| LEADER | 00000nam a2200000 a 4500 | ||
|---|---|---|---|
| 001 | UCK6583 | ||
| 003 | CL-VaPUC | ||
| 008 | 051007e20041000PE |||||||||||||||||spa|d | ||
| 020 | |a 9972462668 | ||
| 082 | 0 | 4 | |a 985.01 |b TEL |2 21 |
| 100 | 0 | |a Tello, Julio César |e author |9 495998 | |
| 245 | 1 | 0 | |a Arqueología de Cajamarca: expedición al Marañón, 1937 |
| 250 | |a 1a. ed | ||
| 300 | |a 345 p | ||
| 942 | |c BK | ||
| 945 | |d 20051007 00:00:00 |a jcarroza | ||
| 260 | |a Lima |b Universidad Nacional Mayor de San Marcos |c 2004 | ||
| 650 | 0 | |a Historia de Perú |9 316239 | |
| 650 | 0 | |a Arqueología |9 265619 | |
| 650 | 0 | |a Indígenas |9 317064 | |
| 651 | 7 | |a CAJAMARCA |2 CL-VaPUC |9 447239 | |
| 651 | 0 | |a Perú |9 256567 | |
| 583 | |a last modification |c 20051007 00:00:00 |k Rodrigo Vera | ||
| 490 | 0 | |a Serie Clásicos Sanmarquinos. Obras Completas, 1 | |
| 999 | |c 314857 |d 314855 | ||
| 952 | |0 0 |1 0 |4 0 |6 985_010000000000000_TEL_2004 |7 0 |8 A |9 387640 |a BIBHIS |b BIBHIS |d 2019-11-22 |i 4170849 |o 985.01 TEL 2004 |p 4170849 |r 2025-01-20 |w 2019-11-22 |y BK |k HIS | ||